| 000 | 00804nam a22002177a 4500 | ||
|---|---|---|---|
| 005 | 20081022114027.0 | ||
| 008 | 081022t xxu||||| |||| 00| 0 eng d | ||
| 010 | _aENG-84298 | ||
| 020 | _a0195683684 | ||
| 020 | _c595.00 (hb) | ||
| 035 | _aEN-67831 | ||
| 082 | _a333.954 | ||
| 245 |
_aDemocracy and diversity : _bIndia and the American experience / _cedited by K Shankar Bajpai |
||
| 260 |
_aNew Delhi _bOxford University Press |
||
| 260 | _c2007 | ||
| 300 |
_axxiv,312p _c22cm |
||
| 500 | _aIncludes bibliographical references and index | ||
| 700 |
_aBajpai, K Shankar _ced |
||
| 942 |
_2ddc _cEN _h333.954 _mDEM |
||
| 999 |
_c17637 _d17637 |
||